[Event "Olympiad Women 2024"]
[Site "Budapest HUN"]
[Date "2024.09.14"]
[Round "4.47"]
[Board "1"]
[White "Vilhete, Vania Fausto Da T."]
[Black "Antonova, Nadezhda"]
[Result "0-1"]
[WhiteElo "1877"]
[BlackElo "1967"]
[PlyCount "60"]
[EventDate "2024.09.11"]
[WhiteTeam "Mozambique"]
[BlackTeam "Tajikistan"]
[WhiteTeamCountry "MOZ"]
[BlackTeamCountry "TJK"]

1. d4 Nf6 2. c4 e6 3. Nf3 d5 4. e3 Be7 5. Bd3 dxc4 6. Bxc4 O-O 7. O-O a6 8. Nc3 b5 9. Bb3 Bb7 10. a3 Nbd7 11. Re1 c5 12. dxc5 Nxc5 13. Bc2 Rc8 $146 ({RR} 13... Qc7 14. b4 Ncd7 15. Bb2 Nb6 16. Rc1 Nc4 17. Ba1 Qb6 18. Nb1 Rfd8 19. Qe2 Rac8 20. Bb3 Bd5 21. Nfd2 Nd6 22. Bxd5 Nxd5 23. e4 Nf4 24. Qg4 Ng6 25. Nf3 Nc4 26. h4 f6 27. Red1 e5 28. Nbd2 {0-1 Fernandes,M-Brasil,A (2039) Bahia-ch final 2017 (4)}) 14. Qe2 Nce4 15. Nxe4 Nxe4 16. Nd4 Bh4 17. Rf1 Bf6 18. Rd1 Qc7 19. Bb3 Nc5 20. Ba2 Rfd8 21. Qg4 e5 22. Nf5 Rxd1+ 23. Qxd1 Qc6 24. f3 e4 25. Qd6 Nd3 26. Bd2 Qc2 27. Bxf7+ Kh8 28. Bc3 Qf2+ 29. Kh1 exf3 30. Qd8+ Rxd8 0-1

[Event "Olympiad Women 2024"]
[Site "Budapest HUN"]
[Date "2024.09.14"]
[Round "4.47"]
[Board "2"]
[White "Saidova, Rukhshona"]
[Black "Efentakis, Katina"]
[Result "1-0"]
[WhiteElo "1873"]
[BlackElo "1650"]
[PlyCount "83"]
[EventDate "2024.09.11"]
[WhiteTeam "Tajikistan"]
[BlackTeam "Mozambique"]
[WhiteTeamCountry "TJK"]
[BlackTeamCountry "MOZ"]

1. e4 {Roiz,Michael} c5 2. Nf3 d6 3. d4 cxd4 4. Nxd4 Nf6 5. Nc3 a6 6. Be2 e5 7. Nb3 Be6 8. Be3 Be7 9. O-O O-O 10. Qd3 Nbd7 11. Nd5 Bxd5 12. exd5 Rc8 ({RR} 12... Nc5) 13. c4 ({RR} 13. a4 Nb6 14. Bxb6 Qxb6 15. a5 Qc7) 13... Qc7 ({RR} 13... Ne8 14. Qd2 ({RR} 14. Bg4 e4 15. Qxe4 Nef6 16. Qd4 Nxg4 17. Qxg4 Ne5 18. Qe2 Nxc4 19. Bd4 Bf6) ({RR} 14. Rac1 Bg5 15. Nd2 Bxe3 16. Qxe3 Nef6) 14... b6 ({RR} 14... f5 15. f4 g6 16. Na5 ({RR} 16. Kh1 Nef6 17. fxe5 Ne4 18. Qe1 dxe5 19. Na5 Rb8 20. b4 Bh4 21. g3 f4) 16... exf4 17. Bxf4 Nef6) 15. Rac1 ({RR} 15. f4 f5 ({RR} 15... Qc7 16. Rac1 Nc5 ({RR} 16... Nef6 17. fxe5 dxe5 18. Qe1 Bd6 19. Qh4 Rfe8 20. Kh1) 17. Nxc5 bxc5 18. Bd3) 16. Rae1 a5) 15... a5 ({RR} 15... f5 16. f3 f4 17. Bf2 Bh4 18. Bd3 g6) 16. Na1 g6 17. b4 ({RR} 17. Nc2 Ng7 18. Bh6 ({RR} 18. Bd3 f5 19. f3 f4 20. Bf2 Bh4) 18... Re8 19. g4 f5) 17... Ng7 ({RR} 17... axb4 18. Nc2 f5 19. Bh6 Rf7 20. Nxb4 Nef6 21. Nc6) 18. bxa5 bxa5 ({RR} 18... Nf5 19. Bxb6 Nxb6 20. axb6 Qxb6 21. Nc2 Qa7) 19. Bd3 ({RR} 19. Nb3 Nf5 20. Nxa5 Nxe3 21. fxe3 Bg5 22. Nc6 Qb6 23. Rc3 Ra8) 19... Nc5 20. Bc2 ({RR} 20. Rb1 Nxd3 21. Qxd3 Qc7 22. Rfc1 Rb8 ({RR} 22... Nf5 23. Bb6 Qd7 24. Nb3) 23. Rb5 Nf5 24. a4 Nxe3 25. Qxe3) 20... a4 ({RR} 20... f5 21. f3 a4 22. Rb1 Bf6) 21. Rb1 e4 ({RR} 21... f5 22. Rb4 ({RR} 22. Rb5 Nd7 23. Qb4 f4 24. Bc1 f3) 22... Qa5 23. Rd1 Bd8) 22. Bxc5 Rxc5 23. Bxa4 ({RR} 23. Qe2 f5 ({RR} 23... Qc7 24. Bxa4 Rxc4 25. Bb5 Rc3 26. Qxe4) 24. Bxa4 Ra5 ({RR} 24... Bf6 25. Nb3 Rc8 26. g3) 25. Bb5) 23... Rxc4 24. Bc6 Nf5 25. Qe2 Rc3 26. Qxe4 Ra3 27. Qe2 ({RR} 27. Nc2 Rxa2 28. Nb4 Ra3 29. Bb5 Bf6 30. Nc6 Qb6 31. Be2 Qc5) ({RR} 27. Qc4 Bf6 28. Nc2 Rc3 29. Qa4 Be5) 27... Bf6 28. Nb3 {0-1 Carlsen,M (2853)-Grischuk,A (2771) Sinquefield Cup 3rd 2015 (7)}) ({RR} 13... a5 14. Kh1 Re8 15. Rad1 Bf8 16. Nd2 g6 17. b3 Bg7 18. a3 h5 19. f3 b6 20. b4) ({RR} 13... a5 14. Kh1 Re8 15. Rad1 b6 16. Nd2 Nc5 17. Qc2 Nfd7 18. f3 g6 19. b3 Bg5 20. Bg1 f5 21. a3 Nf6 22. b4 Ncd7 23. Qa4 h5 24. g3 h4 25. Kg2 Nh5 26. f4 exf4 27. Bxh5 gxh5 28. gxf4 {1-0 Fishbein,M (2113)-Raja,H (2482) Nashville Summer Classic 2024 (7.3)}) 14. Rfd1 $146 ({RR} 14. a4 b6 15. Nd2 Nc5 16. Qc2 a5 17. Rab1 Na6 18. Qf5 Nb4 19. f4 g6 20. Qh3 exf4 21. Bxf4 Nd7 22. Bh6 Rfe8 23. Rxf7 Ne5 24. Rg7+ Kh8 25. Rf1 Bf8 26. Rxc7 {1-0 Colbow,C (2016)-Graf,L (2093) GER-ch Net Amateur Gr-A Vor2 blitz 2020 (8)}) ({RR} 14. Rac1 Nb6 15. Nd2 a5 16. b4 axb4 17. Rb1 Ra8 18. Rxb4 Nbd7 19. Rfb1 Rfb8 20. Qb3 b6 21. Bd3 Bd8 22. h3 Nc5 23. Bxc5 Qxc5 24. Ne4 Nxe4 25. Bxe4 Qd4 26. Bf5 Ra7 27. a4 g6 28. Bc2 Rc8 {0-1 Tsekov,S (2196)-Enchev,I (2202) BUL-ch U20 Pleven 2006 (3)}) 14... Rfd8 15. Nd2 Nc5 16. Qf5 a5 17. b3 b6 18. a3 g6 19. Qf3 Kg7 20. b4 axb4 21. axb4 Ncd7 22. Nb3 Ra8 23. Ra2 Rdb8 24. Rxa8 Rxa8 25. c5 Ra2 26. cxb6 Nxb6 27. Rc1 Qb8 28. Bc4 e4 29. Qh3 Nxc4 30. Rxc4 Ra8 31. Bh6+ Kg8 32. Qc3 Qd8 33. Na5 Qd7 34. Rxe4 Rc8 35. Nc6 Bd8 36. h3 Rc7 37. Qa1 Rc8 38. g4 g5 39. Re3 Rc7 40. Nxd8 Qxd8 41. Qxf6 Rc1+ 42. Kg2 1-0

[Event "Olympiad Women 2024"]
[Site "Budapest HUN"]
[Date "2024.09.14"]
[Round "4.47"]
[Board "3"]
[White "Castro, Neusa Aridas De"]
[Black "Tolibova, Dilola"]
[Result "1/2-1/2"]
[WhiteElo "1684"]
[BlackElo "1831"]
[PlyCount "150"]
[EventDate "2024.09.11"]
[WhiteTeam "Mozambique"]
[BlackTeam "Tajikistan"]
[WhiteTeamCountry "MOZ"]
[BlackTeamCountry "TJK"]

1. e4 e5 2. Nf3 Nc6 3. Bc4 Be7 4. d3 Nf6 5. c3 d6 6. Nbd2 O-O 7. O-O Bg4 8. Re1 h6 9. Nf1 Nh7 ({RR} 9... a6 10. Bb3 Na5 11. Bc2 Re8 12. h3 Be6 13. Ng3 c5 14. Be3 Nc6 15. Bd2 Qb6 16. b3 Qc7 17. Qc1 Bf8 18. Nh4 Ne7 19. Re3 Qd7 20. Kh2 Red8 21. Rf3 d5 22. Rxf6 gxf6 23. Nh5 Ng6 24. Nxf6+ {1-0 Cuesta Moscoso,A (1428)-Raskin Calvo,M (1223) Madrid-ch U12 2019 (3)}) 10. h3 Bh5 11. Ng3 Bg6 12. Nh2 $146 ({RR} 12. a3 Ng5 13. Nxg5 Bxg5 14. Bxg5 Qxg5 15. Qf3 Kh8 16. Qe3 Qh4 17. Qf3 Ne7 18. Qg4 Qxg4 19. hxg4 Ng8 20. f3 Nf6 21. Rad1 a6 22. d4 b5 23. Ba2 c5 24. dxe5 dxe5 25. Bd5 Ra7 26. c4 Rb8 {0-1 Nguyen,T-Nguyen,T Phu Dong festival U11 6th 2004 (8)}) 12... Kh8 13. Be3 f5 14. exf5 Bxf5 15. Nxf5 Rxf5 16. Bb3 Bg5 17. Bc2 Bxe3 18. Rxe3 Qh4 19. Qe2 Raf8 20. Rf1 Ng5 21. Bd1 Ne6 22. Re4 Nf4 23. Qe3 d5 24. Ra4 Nxh3+ 25. Qxh3 Qf6 26. Ng4 Qf7 27. f3 Rh5 28. Qg3 Qg6 29. Bc2 Rg5 30. Bb1 h5 31. Qh4 Kg8 32. d4 e4 33. Ne3 Qf6 34. Qh3 Qf4 35. fxe4 Qd6 36. Rxf8+ Qxf8 37. exd5 Ne7 38. Qe6+ Kh8 39. Qe4 g6 40. Rxa7 Nf5 41. Qf4 Qe7 42. Bxf5 gxf5 43. Qe5+ Qxe5 44. dxe5 f4 45. e6 fxe3 46. e7 Rg8 47. Ra4 Kg7 48. Re4 Kf7 49. Rxe3 Ke8 50. c4 Rg4 51. b3 Rd4 52. Re2 b5 53. Rc2 bxc4 54. bxc4 Kxe7 55. a4 Rd1+ 56. Kh2 Ra1 57. Re2+ Kd6 58. Re6+ Kd7 59. c5 Rxa4 60. c6+ Kd8 61. Re5 h4 62. Kh3 Ra2 63. Kxh4 Rxg2 64. Kh5 Rg1 65. Rg5 Rd1 66. Re5 Rg1 67. Kh6 Rg2 68. Rg5 Rd2 69. Rg8+ Ke7 70. Rg7+ Kd6 71. Rd7+ Kc5 72. Rxc7 Rxd5 73. Kg7 Rd6 74. Kf7 Rxc6 75. Rxc6+ Kxc6 1/2-1/2

[Event "Olympiad Women 2024"]
[Site "Budapest HUN"]
[Date "2024.09.14"]
[Round "4.48"]
[Board "1"]
[White "Tharushi, T H D Niklesha"]
[Black "Karelina, Polina"]
[Result "1-0"]
[WhiteElo "1852"]
[BlackElo "1898"]
[PlyCount "69"]
[EventDate "2024.09.11"]
[WhiteTeam "Sri Lanka"]
[BlackTeam "Bahamas"]
[WhiteTeamCountry "SRI"]
[BlackTeamCountry "BAH"]

1. d4 Nf6 2. c4 g6 3. Nc3 Bg7 4. e4 d6 5. Nf3 O-O 6. Be2 e5 7. O-O Nc6 8. d5 Ne7 9. b4 a5 10. Ba3 axb4 11. Bxb4 Nd7 12. a4 Bh6 13. Ne1 ({RR} 13. Nb5 f5 14. exf5 Nxf5 15. Nd2 Nf6 16. c5 dxc5 17. Bxc5 Re8 18. Bc4 Kh8 19. Re1 c6 20. Nc3 cxd5 21. Bb5 Bd7 22. Nf3 Rc8 23. Bb4 d4 24. Bxd7 Qxd7 25. Ne4 Nxe4 26. Rxe4 Qd5 27. Qd3 Rc4 {0-1 Van der Sterren,P (2555)-Piket,J (2630) Gouda NED-Top rap rapid 1997}) ({RR} 13. a5 f5 14. exf5 gxf5 15. Qb3 Kh8 16. Nb5 Ng6 17. g3 Rg8 18. Kh1 Nf6 19. Bc3 Ne4 20. Bb2 c6 21. Nc3 Nxc3 22. Bxc3 cxd5 23. cxd5 Qf6 24. Nd2 Ne7 25. f4 Bg7 26. Nc4 Nxd5 27. Bb2 Qe7 {0-1 Peycheva,G (2266)-Davidson,K (2154) Titled Tue 18th Jun Late 2024 (4)}) 13... f5 14. f3 Be3+ 15. Kh1 f4 $146 ({RR} 15... Bc5 16. Bxc5 Nxc5 17. Nd3 Nxd3 18. Bxd3 b6 19. f4 fxe4 20. Nxe4 Rxf4 21. Rxf4 exf4 22. Qd2 Qf8 23. Rf1 Rxa4 24. Nc3 Ra8 25. Nb5 Qf6 26. Qxf4 Qxf4 27. Rxf4 Bf5 28. Nxc7 Rc8 29. Bxf5 Nxf5 30. Nb5 {1-0 Rios,C (2424)-Diaz Rosas,J (2084) Pan American-ch U18 2011 (3)}) 16. Nc2 Ba7 17. Nb5 Bc5 18. Bxc5 Nxc5 19. Nb4 g5 20. Nd3 b6 21. a5 h5 22. axb6 Rxa1 23. Qxa1 cxb6 24. Nxc5 bxc5 25. Qa7 Rf6 26. Qb8 Rg6 27. Ra1 g4 28. Ra6 Kh7 29. Ra7 Kh6 30. Qc7 Qxc7 31. Rxc7 Rg7 32. Nxd6 gxf3 33. Bxf3 Bg4 34. Bxg4 hxg4 35. Rxe7 1-0

[Event "Olympiad Women 2024"]
[Site "Budapest HUN"]
[Date "2024.09.14"]
[Round "4.48"]
[Board "2"]
[White "Johnson, Daijah"]
[Black "Pallie, Ehsha Mishela"]
[Result "1/2-1/2"]
[WhiteElo "1625"]
[BlackElo "1767"]
[PlyCount "53"]
[EventDate "2024.09.11"]
[WhiteTeam "Bahamas"]
[BlackTeam "Sri Lanka"]
[WhiteTeamCountry "BAH"]
[BlackTeamCountry "SRI"]

1. d4 Nf6 2. c4 g6 3. Nc3 Bg7 4. e4 d6 5. f3 O-O 6. Be3 e5 7. Nge2 Nbd7 8. Qd2 a5 ({RR} 8... Qe7 9. O-O-O c6 10. Kb1 Nb6 11. Nc1 exd4 12. Bxd4 Be6 13. Bxb6 axb6 14. Qxd6 Qxd6 15. Rxd6 Rfd8 16. Rxd8+ Rxd8 17. Be2 Nd7 18. Kc2 Ne5 19. b3 f5 20. f4 Ng4 21. Bxg4 fxg4 22. Rd1 Rxd1 23. Nxd1 {1-0 Papaioannou,I (2495)-Kofidis,A (2360) GRE-chT Thessaloniki 1996 (2)}) 9. O-O-O exd4 10. Nxd4 h5 $146 ({RR} 10... a4 11. Kb1 Nc5 12. Ndb5 b6 13. Be2 Bd7 14. g4 Re8 15. h4 Bc6 16. Bd4 Nfxe4 17. fxe4 Nxe4 18. Nxe4 Bxe4+ 19. Bd3 Bxh1 20. Rxh1 Bxd4 21. Nxd4 a3 22. b3 Qf6 23. Nb5 Re3 24. Nc3 Qd4 25. Rd1 {0-1 Mirzoev,A (2438)-Ghosh,C (2024) Dhaka Sheikh Russel op 2021 (8)}) ({RR} 10... Nc5 11. Bh6 c6 12. Bxg7 Kxg7 13. Kb1 h6 14. h4 Nfd7 15. h5 Ne5 16. hxg6 Qg5 17. Qxg5 hxg5 18. gxf7 Rxf7 19. Be2 Bd7 20. Rh5 g4 21. Rdh1 Rg8 22. Rh7+ Kf8 23. Rxf7+ Kxf7 24. f4 Ned3 25. Bxd3 {1-0 Tilahun,A (1972)-Rouast,J (2123) Titled Tue 6th Aug Early 2024 (6)}) 11. h3 Ne5 12. f4 Nc6 13. Nxc6 bxc6 14. e5 Ne8 15. Bc5 Ba6 16. exd6 cxd6 17. Ne4 Rb8 18. b3 Qe7 19. Nxd6 Qf6 20. Qd4 Qe6 21. Qe4 Qf6 22. Qd4 Qh4 23. Qf2 Qf6 24. Qd4 Qe6 25. Qe4 Qf6 26. Qd4 Qe6 27. Qe4 1/2-1/2

[Event "Olympiad Women 2024"]
[Site "Budapest HUN"]
[Date "2024.09.14"]
[Round "4.48"]
[Board "3"]
[White "Gunawardhana, Devindya Oshini"]
[Black "Pride, Chika"]
[Result "1-0"]
[WhiteElo "1956"]
[BlackElo "1587"]
[PlyCount "39"]
[EventDate "2024.09.11"]
[WhiteTeam "Sri Lanka"]
[BlackTeam "Bahamas"]
[WhiteTeamCountry "SRI"]
[BlackTeamCountry "BAH"]

1. e4 e5 2. Nf3 d6 3. d4 Qe7 4. Nc3 c6 5. Be2 h6 ({RR} 5... g6 6. O-O Nd7 7. a4 Bh6 8. dxe5 dxe5 9. Nd2 Ngf6 10. b3 O-O 11. Ba3 Nc5 12. Nc4 b6 13. Qd6 Qxd6 14. Nxd6 Bd2 15. Nb1 Bh6 16. Bxc5 bxc5 17. Rd1 Rd8 18. Nc3 Be6 19. Bc4 Bf8 20. Bxe6 {½-½ Del Rio de Angelis,S (2504)-Sulskis,S (2582) Gibraltar Masters 2004 (2)}) 6. Be3 ({RR} 6. O-O Nf6 7. a4 g6 8. dxe5 dxe5 9. Bc4 a5 10. h3 g5 11. b3 g4 12. Ba3 Qc7 13. Bxf8 Kxf8 14. hxg4 Bxg4 15. Be2 Nbd7 16. Nh4 Be6 17. Qd2 Ke7 18. Bf3 Qd6 19. Qe3 Qc5 20. Rfe1 Rag8 {½-½ Simon Padros,E (2145)-Lerch Gallemi,J (2151) Catalunya-chT Gp1 2022 (8.7)}) 6... Nf6 7. h3 Nbd7 $146 ({RR} 7... Qc7 8. O-O Be7 9. a3 Nbd7 10. Qd2 Nf8 11. Rad1 Ng6 12. Bc4 O-O 13. Qe2 Nh5 14. Qd2 Ngf4 15. Ne2 g5 16. Bxf4 exf4 17. Nh2 Nf6 18. Bd3 Re8 19. c4 c5 20. d5 Bf8 21. Nc3 Bg7 22. Rfe1 {0-1 Ivanovic,J (2054)-Markovic,G (2266) YUG-chT (Women) 1999 (6)}) ({RR} 7... Qc7 8. Qd2 Be7 9. O-O-O Be6 10. Kb1 Nbd7 11. g4 g5 12. h4 Qa5 13. hxg5 Nxe4 14. Qd3 Nxc3+ 15. bxc3 Qxa2+ 16. Kc1 O-O-O {0-1 Panesso,O-Echeverry Alvira,S Pan American-ch U18 2004 (4)}) 8. Qd2 exd4 9. Bxd4 Nxe4 10. Nxe4 Qxe4 11. O-O-O c5 12. Rhe1 Kd8 13. Bb5 Qg6 14. Bc3 Qxg2 15. Qd5 Kc7 16. Ba5+ Kb8 17. Re8 Nf6 18. Rxc8+ Kxc8 19. Qxc5+ dxc5 20. Rd8# 1-0

[Event "Olympiad Women 2024"]
[Site "Budapest HUN"]
[Date "2024.09.14"]
[Round "4.49"]
[Board "1"]
[White "Lyons, Kieran"]
[Black "Clarke, Adani"]
[Result "1/2-1/2"]
[WhiteElo "1818"]
[BlackElo "1919"]
[PlyCount "115"]
[EventDate "2024.09.11"]
[WhiteTeam "Fiji"]
[BlackTeam "Jamaica"]
[WhiteTeamCountry "FIJ"]
[BlackTeamCountry "JAM"]

1. e4 e6 2. Nf3 d5 3. exd5 exd5 4. d4 Bd6 5. Bd3 Ne7 6. O-O h6 7. Nc3 c6 8. Ne5 ({RR} 8. Re1 O-O 9. Ne2 Qc7 10. Ng3 Bg4 11. h3 Be6 12. Ne5 c5 13. c3 cxd4 14. cxd4 Nbc6 15. Nxc6 bxc6 16. Nh5 Kh8 17. Qf3 Ng6 18. Bxh6 Nh4 19. Bxg7+ Kg8 20. Qf6 Be7 21. Bh7+ {1-0 Werner,R (1595)-Kabat,J (1729) Prague Golden 65+ op 17th 2022 (5)}) 8... O-O $146 ({RR} 8... Be6 9. f4 Qb6 10. Be3 Bxe5 11. fxe5 Nd7 12. Na4 Qc7 13. b4 b6 14. c3 a5 15. a3 g6 16. Qd2 h5 17. Bg5 Ng8 18. Nb2 c5 19. bxc5 bxc5 20. c4 Qb7 21. cxd5 Qxd5 22. Nc4 Qxd4+ 23. Be3 {1-0 Feher,T (2177)-Molnar,J (2178) HUN-chT2 Breyer 1112 2011 (3.4)}) 9. Qh5 Be6 10. g4 Bxe5 11. dxe5 f5 12. exf6 Rxf6 13. g5 Rf7 14. gxh6 Nf5 15. h7+ Kh8 16. Kh1 Nd7 17. Ne2 Nf6 18. Qh3 Nxh7 19. Ng3 Qh4 20. Qxh4 Nxh4 21. Be3 Bg4 22. f4 Re7 23. Rae1 Rae8 24. Bd2 Rxe1 25. Rxe1 Rxe1+ 26. Bxe1 Nf6 27. Bf2 b6 28. Kg1 Nf3+ 29. Kg2 Nd2 30. h3 Bf3+ 31. Kh2 Nfe4 32. Nxe4 Bxe4 33. Bxe4 Nxe4 34. Bd4 Kg8 35. h4 g6 36. Kh3 Kf7 37. Kg4 Nd6 38. Be5 Nf5 39. Kg5 Ne3 40. c3 Nc4 41. b4 Nxe5 42. fxe5 c5 43. bxc5 bxc5 44. e6+ Kxe6 45. Kxg6 d4 46. cxd4 cxd4 47. h5 d3 48. h6 d2 49. h7 d1=Q 50. h8=Q Qg4+ 51. Kh6 Qh4+ 52. Kg7 Qe7+ 53. Kh6 Kd6 54. Qd4+ Kc6 55. Qa4+ Kb6 56. Qb3+ Ka5 57. Qd5+ Kb6 58. Qb3+ 1/2-1/2

[Event "Olympiad Women 2024"]
[Site "Budapest HUN"]
[Date "2024.09.14"]
[Round "4.49"]
[Board "2"]
[White "Miller, Rachel"]
[Black "Sukhu, Gloria"]
[Result "1-0"]
[WhiteElo "1912"]
[BlackElo "1634"]
[PlyCount "71"]
[EventDate "2024.09.11"]
[WhiteTeam "Jamaica"]
[BlackTeam "Fiji"]
[WhiteTeamCountry "JAM"]
[BlackTeamCountry "FIJ"]

1. e4 e5 2. Nf3 Nc6 3. Bc4 Nd4 4. Nxd4 exd4 5. c3 c5 6. cxd4 ({RR} 6. O-O d6 7. Qb3 Qf6 8. d3 b6 9. cxd4 cxd4 10. Bb5+ Bd7 11. Bxd7+ Kxd7 12. Qb5+ Kc7 13. Na3 Qe5 14. Qc4+ Kb7 15. Qxf7+ Be7 16. Nc4 Qc5 17. Qxg7 Qc7 18. Bf4 Rd8 19. Rac1 Qd7 20. e5 d5 {1-0 Inkiov,V (2438)-Ballarati,G Arconate sim 2000}) ({RR} 6. Qf3 Qf6 7. Qxf6 Nxf6 8. f3 Be7 9. O-O O-O 10. cxd4 cxd4 11. b3 Bc5 12. Bb2 d6 13. a3 a5 14. Re1 Bd7 15. e5 dxe5 16. Rxe5 Ba7 17. Rxa5 b6 18. Re5 Rfe8 19. Re2 b5 20. Bd3 Rxe2 {0-1 Dehghan,M-Torabzadeh,S (1016) IRI-ch U08 Chess.com INT 2021 (3)}) 6... cxd4 7. O-O Nf6 $146 ({RR} 7... Ne7 8. Qf3 f6 9. Qb3 Qc7 10. Bf7+ Kd8 11. d3 g5 12. f4 h6 13. Na3 a6 14. Bd2 b5 15. Rac1 Nc6 16. Qd5 Bb7 17. Qf5 Be7 18. Qg6 Kc8 19. Qg7 Qd8 20. fxg5 hxg5 21. e5 fxe5 22. Qxe5 {0-1 Schreiber,P (1711)-Raupach,G (1829) Troisdorf op 2006 (5)}) 8. Qb3 d5 9. exd5 Bd6 10. h3 O-O 11. Na3 a6 12. Nc2 Bc5 13. a4 Qd6 14. Qf3 Bd7 15. d3 b5 16. axb5 axb5 17. Rxa8 Rxa8 18. Bf4 Qa6 19. Bb3 Re8 20. Bg5 Qd6 21. Bf4 Qa6 22. Bg3 Qc8 23. Rc1 Bf5 24. Nxd4 Bg6 25. Qd1 Bh5 26. Qd2 Nd7 27. Bd6 h6 28. Bxc5 Nxc5 29. Qb4 Re1+ 30. Qxe1 Qf8 31. Qb4 Nxd3 32. Qxf8+ Kxf8 33. Rc7 Ne5 34. f4 Nd3 35. d6 Nxf4 36. Rc8# 1-0

[Event "Olympiad Women 2024"]
[Site "Budapest HUN"]
[Date "2024.09.14"]
[Round "4.49"]
[Board "3"]
[White "Terubea, Cydel"]
[Black "Watson, Gabriella"]
[Result "0-1"]
[WhiteElo "1681"]
[BlackElo "1826"]
[PlyCount "118"]
[EventDate "2024.09.11"]
[WhiteTeam "Fiji"]
[BlackTeam "Jamaica"]
[WhiteTeamCountry "FIJ"]
[BlackTeamCountry "JAM"]

1. e4 c6 2. Nf3 d5 3. exd5 cxd5 4. d4 Nc6 5. Nc3 Nf6 6. Bf4 Bg4 7. Be2 e6 8. h3 ({RR} 8. O-O Bd6 9. Bxd6 Qxd6 10. Nb5 Qb8 11. c3 a6 12. Na3 O-O 13. Nc2 Bxf3 14. Bxf3 b5 15. Ne1 Qd6 16. Nd3 a5 17. Rc1 Rab8 18. Re1 Rfc8 19. g3 b4 20. Nc5 bxc3 21. bxc3 Nd7 22. Nxd7 Qxd7 {½-½ Miladinovic,I (2552)-Pikula,D (2547) SRB-chT 1st League 2010 (10)}) ({RR} 8. Ne5 Bxe2 9. Nxe2 Nxe5 10. Bxe5 Nd7 11. Bg3 Qb6 12. O-O Qxb2 13. Rb1 Qxa2 14. Rxb7 Qa6 15. Rb3 Bd6 16. Qa1 Qc6 17. Bxd6 Qxd6 18. Rb7 O-O 19. Rxa7 Rxa7 20. Qxa7 Rc8 21. c3 Qc6 22. h4 Ra8 {0-1 Tifferet,S (2256)-Sarkar,J (2309) Titled Tue 9th May Late 2023 (7)}) 8... Bf5 $146 ({RR} 8... Bh5 9. Ne5 Nxe5 10. Bxe5 Bxe2 11. Qxe2 Be7 12. O-O O-O 13. Rfd1 Rc8 14. a3 a6 15. Qe3 Rc4 16. b3 Rc8 17. a4 Qa5 18. Rd3 Rc6 19. Bxf6 Bxf6 20. Rc1 Rfc8 21. Nb1 Rxc2 22. Rxc2 Rxc2 23. Rc3 {0-1 Faqeeh,S-Alawadhi,A (1327) Djerba Online (Women) blitz 2020 (16)}) ({RR} 8... Bxf3 9. Bxf3 Qb6 10. Ne2 Qxb2 11. Rb1 Bb4+ 12. Bd2 Bxd2+ 13. Kxd2 Qxa2 14. Rxb7 Na5 15. Qb1 Qxb1 16. Rbxb1 Kd7 17. Rb5 Nc4+ 18. Kd3 Rhb8 19. Rhb1 Rxb5 20. Rxb5 Nd6 21. Rb3 a5 22. Kd2 a4 23. Rb1 {0-1 Meekers,G-Segers,J Lommel Summer op 14th 1994}) 9. Nh4 Bg6 10. Nxg6 hxg6 11. Nb5 Rc8 12. Nc3 a6 13. a3 Bd6 14. Qd2 Bxf4 15. Qxf4 Qb6 16. O-O-O O-O 17. h4 Qa5 18. h5 gxh5 19. Bxh5 Ne7 20. Rd3 b5 21. Rg3 Nxh5 22. Rxh5 Ng6 23. Rgh3 Rfd8 24. Qh2 Kf8 25. Rg5 Qc7 26. Qxc7 Rxc7 27. g3 Rdc8 28. f4 Kg8 29. Rh2 Ne7 30. g4 g6 31. Re5 Nc6 32. Re3 Nxd4 33. Rd3 Nc6 34. Ne2 Na5 35. Nd4 Rc4 36. Kb1 Nb7 37. b3 Rc3 38. Kb2 R3c7 39. Rhh3 Nc5 40. Rc3 Ne4 41. Rxc7 Rxc7 42. Rf3 Kg7 43. f5 gxf5 44. gxf5 e5 45. Ne2 Kf6 46. Rd3 d4 47. c3 Nxc3 48. Nxd4 exd4 49. Rxd4 Kxf5 50. Rd6 a5 51. Rd3 b4 52. a4 Ke4 53. Rd2 f5 54. Rd6 Rc5 55. Re6+ Re5 56. Rh6 f4 57. Kc2 Ke3 58. Rh1 f3 59. Re1+ Ne2 0-1

[Event "Olympiad Women 2024"]
[Site "Budapest HUN"]
[Date "2024.09.14"]
[Round "4.49"]
[Board "4"]
[White "McKoy, Arielle"]
[Black "Sukhu, Makayla"]
[Result "0-1"]
[WhiteElo "1442"]
[BlackElo "1521"]
[PlyCount "94"]
[EventDate "2024.09.11"]
[WhiteTeam "Jamaica"]
[BlackTeam "Fiji"]
[WhiteTeamCountry "JAM"]
[BlackTeamCountry "FIJ"]

1. e4 e5 2. Bc4 Nf6 3. d3 Nc6 4. Nf3 Bc5 5. O-O O-O 6. Nc3 d6 7. h3 Qe7 8. Bg5 h6 9. Nd5 Qd8 10. Nxf6+ ({RR} 10. Bxf6 gxf6 11. Qd2 Be6 12. Qxh6 Bxd5 13. Bxd5 Re8 14. Nh4 Qe7 15. Ng6 Qd8 16. Qh8# {1-0 Ortega Hurtado,E-Cebrian Castillo,J 4th Panama Open 2023 (9.32)}) 10... gxf6 11. Bxh6 Re8 12. Nh4 $146 ({RR} 12. c3 Ne7 13. Qb3 Be6 14. Bxe6 fxe6 15. Qxe6+ Kh7 16. Qf7+ Kxh6 17. Qxf6+ Ng6 18. Qf5 Nf4 19. g3 Ne2+ 20. Kh2 Qe7 21. Nh4 Rg8 22. Nf3 Nf4 23. gxf4 Rae8 24. Ng5 Ref8 25. Qe6+ Qf6 26. Qg4 exf4 {1-0 Dshurowa,P-Beier,A GER-ch U17 Girls 1996 (3)}) 12... Ne7 13. Qh5 d5 14. Nf5 dxc4 15. Qg4+ Ng6 16. dxc4 c6 17. h4 Kh7 18. Qh5 Bxf5 19. exf5 Rh8 20. Be3+ Kg7 21. Qg4 Rxh4 22. Qg3 Qh8 23. f4 Bxe3+ 24. Qxe3 Rh1+ 25. Kf2 Qh4+ 26. g3 Qh2+ 27. Kf3 Rxf1+ 28. Rxf1 Ne7 29. fxe5 Qh5+ 30. Kg2 Nxf5 31. exf6+ Kg6 32. Qe4 Rh8 33. Rg1 Qh2+ 34. Kf1 Kxf6 35. Qf4 Re8 36. Qf3 Re3 37. Qg4 Nxg3+ 38. Rxg3 Rxg3 39. Qd4+ Kg6 40. Qe4+ Kh6 41. Qf4+ Kg6 42. Qe4+ f5 43. Qe8+ Kg5 44. Qg8+ Kf4 45. Qb8+ Kf3 46. Qxa7 Qh1+ 47. Qg1 Qxg1# 0-1

[Event "Olympiad Women 2024"]
[Site "Budapest HUN"]
[Date "2024.09.14"]
[Round "4.50"]
[Board "1"]
[White "Shipindo, Rauha"]
[Black "Al Maamari, Wafia Darwish"]
[Result "0-1"]
[WhiteElo "1677"]
[BlackElo "1908"]
[PlyCount "102"]
[EventDate "2024.09.11"]
[WhiteTeam "Namibia"]
[BlackTeam "United Arab Emirates"]
[WhiteTeamCountry "NAM"]
[BlackTeamCountry "UAE"]

1. e4 c5 2. Nf3 a6 3. d4 cxd4 4. Nxd4 Nf6 5. Nc3 e5 6. Nb3 Bb4 7. Bd2 d6 8. Bd3 ({RR} 8. Nd5 Bxd2+ 9. Nxd2 Nxd5 10. exd5 O-O 11. g3 f5 12. Bg2 Nd7 13. O-O f4 14. gxf4 Rxf4 15. c4 Qg5 16. Kh1 Nf6 17. Rg1 Rh4 18. Nf3 Qh5 19. Nxh4 Qxh4 20. Bf3 e4 21. Be2 Qxf2 22. Rg2 Qh4 {1-0 Martin,L (2135)-Bazilius,A (2110) Titled Tue 4th Jul Early 2023 (11)}) 8... Bg4 ({RR} 8... Be6 9. Qe2 Nc6 10. O-O O-O 11. a3 Bc5 12. Bc4 Nd4 13. Nxd4 Bxc4 14. Qxc4 exd4 15. Ne2 Nxe4 16. Qd3 Re8 17. b4 Bb6 18. Nxd4 Rc8 19. Rac1 Qf6 20. c3 Bxd4 21. cxd4 Rxc1 22. Bxc1 d5 23. Be3 {0-1 Stelzer,H (2183)-Meier,G (2628) GER CupT 1920 prel7 2020 (2.1)}) 9. Ne2 $146 ({RR} 9. f3 Be6 10. a3 Bxc3 11. Bxc3 Nc6 12. Qd2 O-O 13. Na5 Nxa5 14. Bxa5 b6 15. Bc3 Qc7 16. Qe2 b5 17. O-O Nd7 18. a4 b4 19. Bd2 Rfc8 20. Kh1 a5 21. b3 Nc5 22. Bb5 d5 23. exd5 Bxd5 {0-1 Blanco,D (1999)-Cordova,E (2602) American Continental 12th 2016 (1)}) ({RR} 9. f3 Be6 10. O-O O-O 11. Qe1 Nh5 12. Ne2 Nc6 13. c3 Bc5+ 14. Kh1 Bb6 15. Rd1 Qe7 16. g4 Nf6 17. c4 Nd7 18. Nc3 Nc5 19. Nxc5 dxc5 20. Nd5 Qd8 21. Qe3 Ba7 22. a3 Rb8 23. Qg5 f6 {0-1 Struening,T-Hagenauer,J (2022) Bad Zwesten op 5th 2001 (4)}) 9... Bxd2+ 10. Qxd2 O-O 11. O-O-O d5 12. exd5 e4 13. f3 exd3 14. Qxd3 Bd7 15. Nc3 a5 16. a4 Na6 17. g4 Nb4 18. Qd4 Rc8 19. Rd2 Qc7 20. d6 Qd8 21. Rf1 b6 22. h4 Be6 23. Na1 Rc4 24. Qe5 Re8 25. Qb5 Rc5 26. Qe2 Bc4 27. Qf2 Bxf1 28. Qxf1 Rce5 29. Qf2 Nbd5 30. Nd1 Qxd6 31. Qd4 Qb4 32. Qxb4 Nxb4 33. c3 Na6 34. Nb3 Nc5 35. Nd4 Nxa4 36. Kc2 h6 37. Nf2 Nc5 38. b3 Nd5 39. c4 Nb4+ 40. Kb2 Re3 41. h5 Ncd3+ 42. Nxd3 Rxd3 43. Rxd3 Nxd3+ 44. Kc3 Nb4 45. Kd2 g6 46. hxg6 fxg6 47. Ne2 h5 48. Nf4 h4 49. g5 Kg7 50. Nh3 Re5 51. f4 Re4 0-1